00380nam a2200121Ia 4500003000400000005001700004008004100021040001800062041000800080100004300088245009500131260003200226OSt20260120172842.0211028s2014 xx 000 0 und d cAIMIT LIBRARY aeng aJonathan, Ruben; Coth, Kiran.g1216111 aStudy on content and market analysis and improvement in pricing of travelguru/ yatra.com / aMangalorebKiran Cothc2014